000 00310nam a2200121Ia 4500
008 240731s9999 xx 000 0 und d
022 _a1651-2324
245 0 _aInternational Forum of Psychoanalysis
260 _bRoutledge
856 _uhttps://www.tandfonline.com/loi/spsy20
942 _2ddc
942 _cTFEJ
999 _c77022
_d77022
945 _a1
_bMadushi Gamage
_c1
_dMadushi Gamage